000 00565cam a22002052 4500
001 0000024261
005 20151217154508.0
008 130621s xx 000 0 eng d
020 _a9966460400 :
040 _aKABU
_cKABU
100 1 _aMwangi, Meja.
_@0000184271
245 1 0 _aCarcase for hounds /
_cMeja Mwangi.
250 _a1st ed.
260 _aNairobi :
_bE. A. E. P.,
_c1974.
300 _a149 p.
650 0 _aKenyan fiction (English)
_@0000184269
908 _a130621
950 _@1
999 _c11525
_d11525